| 000 | 00525cam a22002052a 4500 | ||
|---|---|---|---|
| 001 | 019544 | ||
| 003 | AR-FADEU | ||
| 008 | 311216n1987####xxu####################dd | ||
| 020 | _a950-12-6664-8 | ||
| 092 |
_a149.9 _bP857 |
||
| 100 | _aPoster, Mark | ||
| 245 | _aFoucault, marxismo e historia : modo de producción versus modo de información | ||
| 260 | _aBuenos Aires | ||
| 260 | _bPaidós | ||
| 260 | _c1987 | ||
| 300 | _a228 p | ||
| 440 |
_aPaidós studio _n64 |
||
| 650 | _aFOUCAULT-FILOSOFIA | ||
| 942 | _cBDGR | ||
| 999 |
_c25271 _d25271 |
||